000 00305nam a22001337a 4500
999 _c13233
_d13233
020 _a9789692102940
082 _a003
100 _aProfessor Dr M.M.A Feeroze
245 _aOperations Research
250 _a1st Edition
260 _aPakistan
_bParamount Books
_c2021
300 _a274 pages
942 _cBK